Survey of London volume 26 (Record no. 104068)
[ view plain ]
| 000 -LEADER | |
|---|---|
| fixed length control field | 01209cam a2200205 4500 |
| 001 - CONTROL NUMBER | |
| control field | J128985 |
| 008 - FIXED-LENGTH DATA ELEMENTS--GENERAL INFORMATION | |
| fixed length control field | 050307n1956 000 0 eng u |
| 035 ## - SYSTEM CONTROL NUMBER | |
| System control number | (Sirsi) u128985 |
| 041 ## - LANGUAGE CODE | |
| Language code of text/sound track or separate title | eng |
| 050 ## - LIBRARY OF CONGRESS CALL NUMBER | |
| Classification number | 720 |
| -- | 18 |
| 245 ## - TITLE STATEMENT | |
| Title | Survey of London volume 26 |
| Remainder of title | the parish of St Mary Lambeth part two |
| Statement of responsibility, etc. | southern area |
| 260 ## - PUBLICATION, DISTRIBUTION, ETC. | |
| Place of publication, distribution, etc. | London |
| Name of publisher, distributor, etc. | London County Council |
| Date of publication, distribution, etc. | 1956 |
| 300 ## - PHYSICAL DESCRIPTION | |
| Extent | xiv, 226p. |
| Other physical details | ill. |
| Dimensions | 30cm. |
| 490 ## - SERIES STATEMENT | |
| Series statement | Survey of London Main Series |
| Volume/sequential designation | 26 |
| 520 ## - SUMMARY, ETC. | |
| Summary, etc. | This volume of the "Survey of London", English Heritage's detailed architectural and topographical study, describes buildings in Brixton, Brockwell Park, Denmark Hill, Herne Hill, Kennington, Norwood, southern Vauxhall and Lambeth, Stockwell and Tulse Hill (including many which have been demolished or rebuilt), explaining how they came into being and outlining their significance and historical associations. This later volume is less selective and covers the development of the area in the 19th century. Includes photographs and maps together with plans, sections and elevations of selected buildings. |
| 590 ## - LOCAL NOTE (RLIN) | |
| Local note | SOL |
| 690 ## - LOCAL SUBJECT ADDED ENTRY--TOPICAL TERM (OCLC, RLIN) | |
| Topical term or geographic name as entry element | BUILT ENVIRONMENT-CONSTRUCTION DESIGN |
| 700 ## - ADDED ENTRY--PERSONAL NAME | |
| Personal name | Sheppard, F. H. W. |
| International Standard Serial Number | General Editor |
| 942 ## - ADDED ENTRY ELEMENTS (KOHA) | |
| Suppress in OPAC | 0 |
| Withdrawn status | Lost status | Source of classification or shelving scheme | Damaged status | Not for loan | Home library | Current library | Shelving location | Date acquired | Total Checkouts | Full call number | Barcode | Date last seen | Copy number | Price effective from | Koha item type |
|---|---|---|---|---|---|---|---|---|---|---|---|---|---|---|---|
| Dewey Decimal Classification | London | London | Basement | 08/03/2005 | SHELF 135 | 30062555 | 06/08/2019 | 1 | 06/08/2019 | Reference material |